000 00367 a2200157 4500
001 74970
020 _a978853592089-5
040 _cAnchieta - Colégio São Paulo
100 _aCampos, Vinicius
240 1 0 _aO amor nos tempos do blog
_lpor
245 1 0 _aO amor nos tempos do blog
300 _a93
362 0 _a2012
650 4 _aLiteratura juvenil
942 _cBK
999 _c74970
_d74970